Catalog

Record Details

Catalog Search



Available copies

  • 2 of 2 copies available at LARL/NWRL Consortium.
  • 2 of 2 copies available at Lake Agassiz Regional Library. (Show preferred library)

Current holds

0 current holds with 2 total copies.

Show Only Available Copies
Location Call Number / Copy Notes Barcode Shelving Location Status Due Date
Ada Public Library Y GRA (Text) 33500012665808 Main Available -
Detroit Lakes Public Library Y GRA (Text) 33500012665790 Main Available -

Record details

  • ISBN: 9780316394109
  • ISBN: 0316394106
  • Physical Description: 467 pages; 22 cm
  • Edition: First edition.
  • Publisher: New York ; Little, Brown and Company, 2018.

Content descriptions

Summary, etc.:
"Sophisticated robot Abel must save teenaged ... Read More
Target Audience Note:
Young Adult
Subject: Soldiers > Fiction.
Robots > Fiction.
Plague > Fiction.
Immortality > Fiction.
Interstellar travel > Fiction.
Orphans > Fiction.
Science fiction.
JUVENILE FICTION / General.
JUVENILE FICTION / General.
YOUNG ADULT FICTION / Science Fiction / Space Opera.
YOUNG ADULT FICTION / Romance / General.
YOUNG ADULT FICTION / Action & Adventure / General.
LDR 01950cam a22005298i 4500
001278478
003LARL_NWRL_CONSORTIUM
00520180328135352.0
008170828s2018 nyu d 000 1 eng
010 . ‡a 2017034001
040 . ‡aDLC ‡beng ‡erda ‡cDLC ‡dBTCTA ‡dYDX ‡dBDX ‡dOCLCQ ‡dTOH ‡dCZL ‡dCZA
020 . ‡a9780316394109 ‡q(hardcover)
020 . ‡a0316394106 ‡q(hardcover)
020 . ‡z9780316394086 ‡q(ebook library edition)
035 . ‡a(OCoLC)1000583622
042 . ‡apcc ‡alcac
08200. ‡a[Fic] ‡223
1001 . ‡aGray, Claudia, ‡eauthor. ‡0(LARL_NWRL_CONSORTIUM)198181
24510. ‡aDefy the worlds. ‡n#2 / ‡cClaudia Gray.
250 . ‡aFirst edition.
264 1. ‡aNew York ; ‡aBoston : ‡bLittle, Brown and Company, ‡c2018.
300 . ‡a467 pages; ‡c22 cm
336 . ‡atext ‡btxt ‡2rdacontent
337 . ‡aunmediated ‡bn ‡2rdamedia
338 . ‡avolume ‡bnc ‡2rdacarrier
4900 . ‡aDefy the stars ; ‡v2
521 . ‡aYoung Adult
520 . ‡a"Sophisticated robot Abel must save teenaged soldier Noemi from capture on a hidden planet, while outwitting armies of deranged service robots and securing medical aid for a plague on Noemi's home world"-- ‡cProvided by publisher.
650 1. ‡aSoldiers ‡vFiction. ‡0(LARL_NWRL_CONSORTIUM)167271
650 1. ‡aRobots ‡vFiction. ‡0(LARL_NWRL_CONSORTIUM)167147
650 1. ‡aPlague ‡vFiction. ‡0(LARL_NWRL_CONSORTIUM)166717
650 1. ‡aImmortality ‡vFiction. ‡0(LARL_NWRL_CONSORTIUM)172483
650 1. ‡aInterstellar travel ‡vFiction.
650 1. ‡aOrphans ‡vFiction. ‡0(LARL_NWRL_CONSORTIUM)166482
650 1. ‡aScience fiction. ‡0(LARL_NWRL_CONSORTIUM)30394
650 7. ‡aJUVENILE FICTION / General. ‡2bisacsh
650 4. ‡aJUVENILE FICTION / General.
650 4. ‡aYOUNG ADULT FICTION / Science Fiction / Space Opera.
650 4. ‡aYOUNG ADULT FICTION / Romance / General.
650 4. ‡aYOUNG ADULT FICTION / Action & Adventure / General.
901 . ‡a278478 ‡bOCoLC ‡c278478 ‡tbiblio ‡soclc

Additional Resources